Central Library OPAC University of Rajshahi

Renovated waste water : (Record no. 13821)

MARC details
000 -LEADER
fixed length control field 01020cam a2200289 4500
001 - CONTROL NUMBER
control field 13821
003 - CONTROL NUMBER IDENTIFIER
rucl marc code BD-RjUL
005 - DATE AND TIME OF LATEST TRANSACTION
control field 20211208235522.0
008 - FIXED-LENGTH DATA ELEMENTS--GENERAL INFORMATION
fixed length control field 140202s1971 ilub b 000 0 eng
035 ## - SYSTEM CONTROL NUMBER
System control number (BD-RjUL)13873
040 ## - CATALOGING SOURCE
Original cataloging agency DLC
Transcribing agency DLC
Modifying agency DLC
-- BD-RjUL
Language of cataloging eng
041 ## - LANGUAGE CODE
Language code of text/sound track or separate title eng
082 00 - DEWEY DECIMAL CLASSIFICATION NUMBER
Classification number 628.3
Author mark and year JOR 1971
100 1# - MAIN ENTRY--PERSONAL NAME
Personal name Johnson, James Francis,
Dates associated with a name 1941-
9 (RLIN) 43225
245 10 - TITLE STATEMENT
Title Renovated waste water :
Remainder of title an alternative source of municipal water supply in the United States /
Statement of responsibility, etc. James F. Johnson.
260 ## - PUBLICATION, DISTRIBUTION, ETC. (IMPRINT)
Place of publication, distribution, etc. Chicago :
Name of publisher, distributor, etc. University of Chicago, Dept. of Geography,
Date of publication, distribution, etc. c1971.
300 ## - PHYSICAL DESCRIPTION
Pagination ix, 155 p. :
Illustrations maps. ;
Size 23 cm.
350 ## - PRICE (NR) (BK AM CF MU VM SE) [OBSOLETE]
Price $4.50
490 1# - SERIES STATEMENT
Series statement University of Chicago. Dept. of Geography. Research paper
Volume/sequential designation no. 135
504 ## - BIBLIOGRAPHY, ETC. NOTE
Bibliography, etc Bibliography: p. 141-155.
650 #0 - SUBJECT ADDED ENTRY--TOPICAL TERM
Topical term or geographic name as entry element Water reuse
Geographic subdivision United States.
9 (RLIN) 43226
830 #0 - SERIES ADDED ENTRY--UNIFORM TITLE
Volume number/sequential designation no. 135.
Uniform title Research paper (University of Chicago. Department of Geography) ;
942 ## - ADDED ENTRY ELEMENTS (KOHA)
Source of classification or shelving scheme Dewey Decimal Classification
Koha item type Books
Holdings
Lost status Source of classification or shelving scheme Damaged status Not for loan Collection code Permanent Location Current Location Shelving location Date acquired Source of acquisition Total Checkouts Full call number Date last seen Copy number Koha item type
  Dewey Decimal Classification   Not For Loan Non-fiction Central Library, University of Rajshahi Central Library, University of Rajshahi Reading Room 10/08/1981 Unknown   628.3 JOR 1971 02/02/2014 C-1 Books